000 00668nam a2200229Ia 4500
005 20250508165343.0
008 008 250505s9999 xx 000 0 eng d
020 _a978-0-07-058691-8
037 _aTextual
040 _aFEDL
_beng
_cFEDL
041 _aeng
_2eng
084 _a371.9, KIR
_qFEDL
100 _aKirk Samuel
245 0 _aEducating exceptional children
250 _a13
260 _aNew Delhi, India
_bCengage Learning India Private Limited
_c2012
300 _axxxvi, 401p.
365 _aINR
_b895
700 _a Gallagher James J Coleman Mary Ruth and others
_9780582
942 _cTEXL
_h371.9, KIR
999 _c1394636
_d1394636